| 000 | 00441nam a22001575i 4500 | ||
|---|---|---|---|
| 001 | 171355 | ||
| 003 | ES-MaACL | ||
| 005 | 20230906214618.0 | ||
| 008 | 090512s1963 sp |||| | spa d | ||
| 080 | _a821.134.2-31"19" | ||
| 100 | 1 |
_aSocorro, Manuel. _9140082 |
|
| 245 | 1 | 0 |
_aMariela _b: novela / _cManuel Socorro. |
| 260 |
_aGran Canaria : _b[s.n.], _c1963 ( _fImp. Lezcano) |
||
| 300 |
_a199 p. ; _c22 cm. |
||
| 852 |
_aES-MaACL _jC-23405 |
||
| 999 |
_c171355 _d171355 |
||